DeAndre Hopkins' Texans Receiving Touchdowns - Statistics

General Stats
  • This quiz has been taken 17 times
  • The average score is 5 of 10
Answer Stats
Touchdowns Thrown Player % Correct
25 Deshaun Watson
100%
1 Matt Schaub
75%
6 Ryan Fitzpatrick
63%
4 Brock Osweiler
56%
1 Case Keenum
50%
5 Brian Hoyer
38%
2 Tom Savage
31%
2 Ryan Mallett
19%
7 T.J. Yates
19%
1 Brandon Weeden
6%
No matching quizzes found
Score Distribution
Percent of People with Each Score
Percentile by Number Answered
Your Score History
You have not taken this quiz